Normal view
MARC view
- Mass media
Entry Topical Term
001 - CONTROL NUMBER
- control field: 119896
003 - CONTROL NUMBER IDENTIFIER
- control field: NUST
005 - DATE AND TIME OF LATEST TRANSACTION
- control field: 20240117123534.0
008 - FIXED-LENGTH DATA ELEMENTS
- fixed length control field: 240117|| aca||aabn | a|a d
040 ## - CATALOGING SOURCE
- Original cataloging agency: NUST
- Transcribing agency: NUST
150 ## - HEADING--TOPICAL TERM
- Topical term or geographic name entry element: Mass media
- General subdivision: Dictionaries
670 ## - SOURCE DATA FOUND
- Source citation: Work cat.: (NUST)175230: Weiner, Richard, 119895, Webster's New World dictionary of media and communications /, c1990.
